LEADER 01447nam a2200373 u 4500 001 000000061891 003 CaOOAMICUS 005 20070226121056.0 008 010914s1985 it u000 u ita u 035 $a10902864 040 $aPUL(R)$bita 041 1 $aita$heng 100 1 $aBrown, Raymond E.$0(OLS)http://pul/name/8355 240 10$aMary in the New Testament.$lItaliano.$0(OLS)http://pul/title/82602 245 10$aMaria nel Nuovo Testamento /$cRaymond E. Brown ... [et al.]. 260 $aAssisi :$bCittadella,$cc1985. 300 $a337 p. ;$c20 cm 490 1 $aOrizzonti biblici 504 $aBibliografica p. 326-337. 600 04$aMaria Virgo,$cs.$0(OLS)http://pul/subject/500 630 04$aBiblia.$0(OLS)http://pul/subject/2876 700 1 $aReumann, John.$0(OLS)http://pul/name/8357 700 1 $aFitzmyer, Joseph A.,$cS.I.,$d1920-$0(OLS)http://pul/name/3985 700 1 $aDonfried, Karl Paul.$0(OLS)http://pul/name/8356 830 0$aOrizzonti biblici.$0(OLS)http://pul/title/42434 850 $aPUL 852 $aPUL$W1$xSL Religione 1$y3$m66 F 58$j80567$nBK-PRI$b $qStampati$B80567$CPULBib$Z2$F80567 $H $81 941 1 $a8 960 $aMariologia$9500 960 $aMariologia$9500 960 $aBibbia$92876 961 $aINV: 66070 996 $6245$aMaria nel Nuovo Testamento$9(OLS)http://pul/title/82603 996 $6260$aAssisi :$bCittadella$9(OLS)http://pul/publisher/49668 LEADER 01088nam a2200265 u 4500 001 000000066221 003 CaOOAMICUS 005 20070226121542.0 008 020109s1919 gw u000 u ger u 035 $a10915766 040 $aPUL(R)$bita 100 1 $aSchilling, Otto.$0(OLS)http://pul/name/44424 245 14$aDas Völkerrecht nach Thomas von Aquin /$cvon Otto Schilling. 260 $aFreiburg im B. :$bHerdersche Verlagshandlung,$c1919. 300 $a58 p. ;$c21 cm 490 1 $aDas Völkerrecht ;$v7 500 $aContiene indice. 600 04$aThomas Aquinas,$cs.,$dc. 1225-1274$xFilosofia.$0(OLS)http://pul/subject/1465 650 4$aDiritto naturale.$0(OLS)http://pul/subject/1724 830 4$aDas Völkerrecht ;$v7.$0(OLS)http://pul/title/36631 850 $aPUL 852 $aPUL$W1$xDP2 Filosofia 1$y62$m97 D 33$j80988$nBK-PRI$b $qStampati$B85609$CPULBib$Z2$F85609 $81 941 1 $a8 996 $6245$aDas Völkerrecht nach Thomas von Aquin$9(OLS)http://pul/title/87966 996 $6260$aFreiburg im B. :$bHerdersche Verlagshandlung$9(OLS)http://pul/publisher/71313